Statistics for U.S. States by Interstate Highways

Click here to take the quiz!

General Stats

  • This quiz has been taken 45 times
  • The average score is 51 of 70

Answer Stats

InterstateState(s)% Correct
10California | Arizona | New Mexico | Texas | Louisiana | Mississippi | Alabama | Florida
94%
90Washington | Idaho | Montana | Wyoming | South Dakota | Minnesota | Wisconsin | Illinois | Indiana | Ohio | Pennsylvania | New York | Massachusetts
94%
5California | Oregon | Washington
91%
80California | Nevada | Utah | Wyoming | Nebraska | Iowa | Illinois | Indiana | Ohio | Pennsylvania | New Jersey
89%
75Florida | Georgia | Tennessee | Kentucky | Ohio | Michigan
89%
95Florida | Georgia | South Carolina | North Carolina | Virginia | Maryland | Delaware | Pennsylvania | New Jersey | New York | Connecticut | Rhode Island | Massachusetts | New Hampshire | Maine
86%
70Utah | Colorado | Kansas | Missouri | Illinois | Indiana | Ohio | West Virginia | Maryland
86%
40California | Arizona | New Mexico | Texas | Oklahoma | Arkansas | Tennessee | North Carolina
83%
76 EastOhio | Pennsylvania | New Jersey
83%
8California | Arizona
80%
15California | Nevada | Arizona | Utah | Idaho | Montana
80%
64Missouri | Illinois | Indiana | Kentucky | West Virginia | Virginia
80%
94Montana | North Dakota | Minnesota | Wisconsin | Illinois | Indiana | Michigan
80%
84 EastPennsylvania | New York | Connecticut | Massachusetts
80%
45Texas
80%
2Texas
80%
69Texas | Mississippi | Tennessee | Kentucky | Indiana | Michigan
80%
85Alabama | Georgia | South Carolina | North Carolina | Virginia
77%
65Alabama | Tennessee | Kentucky | Indiana
77%
4Florida
77%
55Louisiana | Mississippi | Tennessee | Arkansas | Missouri | Illinois
77%
25New Mexico | Colorado | Wyoming
77%
77South Carolina | North Carolina | Virginia | West Virginia | Ohio
77%
81Tennessee | Virginia | West Virginia | Maryland | Pennsylvania | New York
77%
30Texas | Arkansas
77%
20Texas | Louisiana | Mississippi | Alabama | Georgia | South Carolina
77%
35Texas | Oklahoma | Kansas | Missouri | Iowa | Minnesota
77%
91Connecticut | Massachusetts | Vermont
74%
74Iowa | Illinois | Indiana | Ohio | North Carolina
74%
71Kentucky | Ohio
74%
96Michigan
74%
57Missouri | Illinois
74%
78Pennsylvania | New Jersey | New York
74%
44Texas | Oklahoma | Missouri
74%
16Georgia
71%
41Illinois | Wisconsin
71%
93Massachusetts | New Hampshire | Vermont
71%
72Missouri | Illinois
71%
29Missouri | Iowa | South Dakota | North Dakota
71%
86 EastPennsylvania | New York
71%
26Tennessee | North Carolina | South Carolina
71%
37Texas
71%
88 WestIllinois
69%
24Illinois | Kentucky | Tennessee | Georgia
69%
39Illinois | Wisconsin
69%
49Louisiana | Arkansas | Missouri
69%
59Louisiana | Mississippi | Alabama | Georgia
69%
11Nevada
69%
87 NorthNew York
69%
84 WestOregon | Idaho | Utah
69%
14Texas
69%
27Texas
69%
43Wisconsin
69%
17Arizona
66%
76 WestColorado | Nebraska
66%
83Maryland | Pennsylvania
66%
88 EastNew York
66%
79West Virginia | Pennsylvania
66%
12Louisiana
63%
89New Hampshire | Vermont
63%
87 SouthNorth Carolina
63%
73North Carolina
63%
82Washington | Oregon
63%
19Arizona
60%
86 WestIdaho
60%
22Mississippi | Alabama
60%
99Pennsylvania | New York
60%
66Virginia | DC
60%
68West Virginia | Maryland
60%
97Maryland
57%

Score Distribution

Percentile by Number Answered

Percent of People with Each Score

Your Score History

You have not taken this quiz